| 000 | 01126nam a2200289Ia 4500 | ||
|---|---|---|---|
| 001 | ebr10448366 | ||
| 003 | CaPaEBR | ||
| 006 | m u | ||
| 007 | cr cn||||||||| | ||
| 008 | 090420s2009 enka s 001 0 eng d | ||
| 020 | _z9781847191786 | ||
| 040 |
_aCaPaEBR _cCaPaEBR |
||
| 035 | _a(OCoLC)377645371 | ||
| 050 | 1 | 4 |
_aTK5105.888 _b.C53 2009eb |
| 082 | 0 | 4 |
_a005.2/762 _222 |
| 100 | 1 | _aClark, Alex. | |
| 245 | 1 | 0 |
_aPractical Plone 3 _h[electronic resource] : _ba beginner's guide to building powerful websites / _cAlex Clark ... [et al.]. |
| 260 |
_aBirmingham, U.K. : _bPackt Publishing Ltd., _c2009. |
||
| 300 |
_axii, 565 p. : _bill. |
||
| 500 | _aIncludes index. | ||
| 533 |
_aElectronic reproduction. _bPalo Alto, Calif. : _cebrary, _d2011. _nAvailable via World Wide Web. _nAccess may be limited to ebrary affiliated libraries. |
||
| 650 | 0 | _aWeb site development. | |
| 650 | 0 | _aOpen source software. | |
| 655 | 7 |
_aElectronic books. _2local |
|
| 710 | 2 | _aebrary, Inc. | |
| 856 | 4 | 0 |
_uhttp://site.ebrary.com/lib/rucke/Doc?id=10448366 _zAn electronic book accessible through the World Wide Web; click to view |
| 999 |
_c247612 _d247612 |
||